00246nam a2200097Ia 4500008004000000082001800040100002800058245001500086260003900101300000800140210210b1981 xxu||||| |||| 00| 0 eng d a340.0954 TANH aTANDON (Gauri Shanker). aHindu law. aLucknow.bPrakashan Kendra.,c1981 a183